| 000 | 00914nab a2200253 u 4500 | ||
|---|---|---|---|
| 001 | 08984 | ||
| 003 | HDC | ||
| 007 | cr bn --- | ||
| 008 | 210131p xx n |0 eng | ||
| 040 | _aHDC | ||
| 100 |
_aElistina Abu Bakar, _eauthor _99402 |
||
| 245 | 0 |
_aConsumers' Perceptions Towards Mobile Halal Application System / _cby Elistina Abu Bakar [and 2 others] |
|
| 260 |
_a[No place] : _b[publisher not identified], _c[no year] |
||
| 336 |
_atext _2rdacontent |
||
| 337 |
_acomputer _2rdamedia |
||
| 338 |
_aonline resource _2rdacarrier |
||
| 650 |
_aFood industry and trade _9140 |
||
| 650 |
_aHalal food industry _9128 |
||
| 650 |
_aTechnological innovations _9402 |
||
| 856 | _zRequest full-text at [email protected] | ||
| 942 | _2lcc | ||
| 942 | _cAR | ||
| 942 | _kJART 000122 | ||
| 999 |
_c6307 _d6307 |
||